A Brief History of Time : (Record no. 1009)

000 -LEADER
fixed length control field 00756nam a2200253 a 4500
008 - FIXED-LENGTH DATA ELEMENTS--GENERAL INFORMATION
fixed length control field 191119t1989 xxka|||g |||| 00| 0 eng d
020 ## - INTERNATIONAL STANDARD BOOK NUMBER
International Standard Book Number 9780553176988
Terms of availability Rs. 399.00
040 ## - CATALOGING SOURCE
Original cataloging agency IMU Kochi Library
Language of cataloging eng
041 0# - LANGUAGE CODE
Language code of text/sound track or separate title eng
044 ## - COUNTRY OF PUBLISHING/PRODUCING ENTITY CODE
MARC country code United Kingdom
082 04 - DEWEY DECIMAL CLASSIFICATION NUMBER
Edition number 23
Classification number 523.1
Item number H313
100 1# - MAIN ENTRY--PERSONAL NAME
Personal name Hawking, Stephen W.
245 10 - TITLE STATEMENT
Title A Brief History of Time :
Sub Title From the Big Bang to black holes /
260 ## - PUBLICATION, DISTRIBUTION, ETC. (IMPRINT)
Place of publication, distribution, etc London :
Name of publisher, distributor, etc Bantam Books ,
Date of publication, distribution, etc 1989
300 ## - PHYSICAL DESCRIPTION
Extent xi, 210 p. :
Other physical details ill. ;
Dimensions 18 cm
500 ## - GENERAL NOTE
General note Introduction by Carl Sagan
504 ## - BIBLIOGRAPHY, ETC. NOTE
Bibliography, etc Includes Index.
650 #0 - SUBJECT ADDED ENTRY--TOPICAL TERM
Topical term or geographic name as entry element Space and time
General subdivision Cosmology
650 #0 - SUBJECT ADDED ENTRY--TOPICAL TERM
Topical term or geographic name as entry element Space and time
General subdivision Space sciences
700 ## - ADDED ENTRY--PERSONAL NAME
Personal name Miller, Ron
Relator term Illustrator
852 ## - LOCATION/CALL NUMBER
Location IMU Kochi Library
904 ## - LOCAL DATA ELEMENT D, LDD (RLIN)
CATALOGER Akhil Bose
942 ## - ADDED ENTRY ELEMENTS (KOHA)
Item type Books
Holdings
Withdrawn status Lost status Source of classification or shelving scheme Damaged status Not for loan Collection code Permanent location Current location Shelving location Date acquired Source of acquisition Cost, normal purchase price Total Checkouts Total Renewals Full call number Barcode Date last seen Date last borrowed Koha item type Public note
          Non-fiction IMU Kochi Library IMU Kochi Library General Stacks 2014-12-03 M/s Current Books (Inv. No.000983 Dt 2014-11-24) 399.00 6 1 523.1 H313 BK001142 2024-11-21 2024-11-07 Books Shelf-18, Row-4


Copyright © All Rights Reserved by Indian Maritime University, Kochi Campus.
For any Suggestions/Query Contact to library or Email: library.kochi@imu.ac.in Ph:(0484)-2989402
(Web OPAC Designed by Rudra Ranjan. Maintained by IMU Kochi Library)

Powered by Koha